| 000 | 00496nam a2200169 a 4500 | ||
|---|---|---|---|
| 001 | 5879 | ||
| 003 | CDMR | ||
| 005 | 20130613113221.0 | ||
| 008 | 130220s2000||||||||||||||||||||||||||||d | ||
| 040 |
_aCDMR _bcat _cCDMR |
||
| 245 | 3 |
_aEl lenguaje, más que palabras _b: propuesta para un uso no sexista del lenguaje |
|
| 260 |
_aBilbao _bInstituto Vasco de la Mujer _c2000 |
||
| 300 |
_a34 p ; _c12 cm |
||
| 650 | 0 | 4 |
_93167 _aEstudis de dones |
| 650 | 0 | 4 |
_93768 _aSexisme en el llenguatge |
| 942 |
_cMON _2udc |
||
| 999 |
_c5879 _d5879 |
||